El acuario / (Record no. 61457)

MARC details
000 -LEADER
campo de control de longitud fija 00509nam a2200169 i 4500
001 - NÚMERO DE CONTROL
campo de control 61457
003 - IDENTIFICADOR DE NÚMERO DE CONTROL
campo de control ES-MaACL
005 - FECHA Y HORA DE LA ÚLTIMA TRANSACCIÓN
campo de control 20230906164447.0
007 - CAMPO FIJO DE DESCRIPCIÓN FÍSICA--INFORMACIÓN GENERAL
campo de control de longitud fija t|
008 - DATOS DE LONGITUD FIJA--INFORMACIÓN GENERAL
campo de control de longitud fija 031112s1970 sp ||||1| spa d
100 1# - ENTRADA PRINCIPAL--NOMBRE DE PERSONA
Nombre de persona Fabre, Henry.
9 (RLIN) 48534
245 13 - MENCIÓN DEL TÍTULO
Título El acuario /
Mención de responsabilidad, etc. Henry Fabre ; [traducción y revisión de Juan Caldes Casals].
260 ## - PUBLICACIÓN, DISTRIBUCIÓN, ETC.
Lugar de publicación, distribución, etc. Barcelona :
Nombre del editor, distribuidor, etc. Daimon,
Fecha de publicación, distribución, etc. [1970]
300 ## - DESCRIPCIÓN FÍSICA
Extensión 387 p., 12 lám. :
Otras características físicas il. ;
Dimensiones 20 cm.
700 1# - ENTRADA AGREGADA--NOMBRE PERSONAL
Nombre de persona Caldes Casals, Juan.
9 (RLIN) 33639
852 ## - LOCALIZACIÓN
Ubicación ES-MaACL
Número de control de estantería C-48091
Sublocalización o colección R.76880
Holdings
Estatus retirado Estado de pérdida Estado de daño No para préstamo Biblioteca de origen Biblioteca actual Ubicación en estantería Fecha de adquisición Fuente de adquisición Total de préstamos Signatura topográfica completa Código de barras Visto por última vez Precio de reemplazo Tipo de ítem Koha
        Biblioteca del Ateneo de Madrid Biblioteca del Ateneo de Madrid Depósito 2 17/01/2008     C-48091 1064442 23/02/2023 23/02/2023 Libro impreso